000 00413nam a2200181Ia 4500
001 4045
005 20260306145727.0
008 260306t2012||||xx |||||||||||||| ||spa||
041 _aESP
082 _a306.85
_bF21
100 _aRodrigo, María José (coord.)
_eAUT
245 0 _aFamilia y desarrollo humano
260 _c2012
300 _a
_c
650 _aGEN
654 _aCED
942 _cLIB
_dJUS
_fJUS
_2ddc
_n
999 _c4045
_d4045